| 000 | 01032cab a2200253 4500 | ||
|---|---|---|---|
| 001 | WB3029-16 | ||
| 008 | 090401t1994 xxu||||| |||| 00| 0 eng d | ||
| 035 | _a(Sirsi) u16529 | ||
| 041 | _aeng | ||
| 245 | _aHousing Associations cash curbs attacked | ||
| 260 | _c1994 | ||
| 350 | _a0 | ||
| 490 |
_aFinancial Times _v28 July 1994, 6 |
||
| 490 |
_aDaily Telegraph _v28 July 1994, 5(2) |
||
| 520 | _aA Touche Ross report for the Housing Corporation recommends that housing associations should be allowed to use financial derivatives to reduce interest rate risks in borrowing to finance their low-cost housing building programmes. The Welsh Secretary has announced plans to stop housing associations in Wales from buying properties to rent out and to concentrate on building low-cost homes for sale. | ||
| 650 | _aHOUSING ASSOCIATIONS | ||
| 650 | _aHOUSING FINANCE | ||
| 650 | _aLOW-COST HOUSING | ||
| 650 | _aRENTED-HOUSING | ||
| 650 | _aSPECULATION | ||
| 690 | _aHOUSING-FINANCE | ||
| 942 | _n0 | ||
| 948 | _c04/03/1997 | ||
| 999 |
_c10892 _d10892 |
||